|
|
|
|
| LEADER |
00000nab a2200000 a 4500 |
| 001 |
vtls000010014 |
| 003 |
SK-MaSNL |
| 005 |
20260303021637.0 |
| 008 |
111103c1978 xo 0 slo |
| 015 |
|
|
|a SNBRB19rr/mm-uuuuu
|
| 035 |
|
|
|a CL0020108
|
| 040 |
|
|
|a SNKBUCL
|b slo
|c SNKBUCL
|e AACR2
|
| 041 |
0 |
|
|a slo
|
| 044 |
|
|
|a xo
|c SK
|
| 080 |
|
|
|a 82:37:885.4:05
|2 1981
|
| 080 |
|
|
|a 37
|2 1981
|
| 080 |
|
|
|a 885.4
|2 1981
|
| 080 |
|
|
|a 05
|2 1981
|
| 245 |
0 |
0 |
|a Na slovíčko
|
| 500 |
|
|
|a Príloha časopisu Smena na nedeľu, č.39, 1978.
|
| 650 |
0 |
7 |
|a literatúra juvenilná
|2 snkbucl
|9 921353
|
| 650 |
0 |
7 |
|a slovenskí spisovatelia
|2 snkbucl
|9 1258
|
| 650 |
0 |
7 |
|a literárne časopisy
|2 snkbucl
|9 58409
|
| 650 |
0 |
7 |
|a Literárna príloha Smeny na nedeľu
|2 snkbucl
|9 1002793
|
| 655 |
|
7 |
|a články z novín a časopisov
|2 snkbucl
|9 267496
|
| 655 |
|
7 |
|a články z odboru literárna veda a krásna literatúra
|2 snkbucl
|9 770045
|
| 773 |
0 |
|
|t Literárna príloha SNN
|g Č. 17 (1978), s. 14
|
| 850 |
|
|
|a Slovenská národná knižnica v Martine
|a MTA001
|
| 852 |
|
|
|a SNK
|b KIS3GCP
|
| 958 |
|
|
|a RK
|
| 958 |
|
|
|a LX
|
| 992 |
|
|
|a RBX
|
| 999 |
|
|
|c 1624421
|d 1626351
|